000 00215 a2200097 4500
001 14848
100 _aLce A.S.G
245 _aThe royal house of Greece
260 _aLondon
_bWarlock & Co
_c
090 _c11619
_d11619
942 _aNUST-CAE
_cM
_c1802
999 _c249921
_d249921